000 00523nam a22001577a 4500
005 20170828105045.0
020 _c380.00
035 _aB-055359
037 _aDPL
_bENG
245 _aBharat's manual of SEBI :
_bAct, rules, regulations, guidelines circulars, etc. /
_cedited by Ravi Puliani and Manesh Puliani
260 _aNew Delhi
_bBharat Law House
_c2001
300 _avarious pages
_c22 cms.
700 _aPuliani, Ravi
_948286
700 _aPuliani, Mahesh
_948287
942 _2ddc
_cEN
_h346.54092
_mBHA
999 _c67401
_d67401